中国国际机场 International Airports in China - Statistics

General Stats
  • This quiz has been taken 101 times
  • The average score is 47 of 65
Answer Stats
机场 % Correct
北京首都
99%
北京大兴
99%
上海浦东
99%
上海虹桥
98%
成都双流
94%
南京禄口
93%
广州白云
93%
成都天府
93%
长春龙嘉
91%
杭州萧山
91%
深圳宝安
91%
天津滨海
90%
石家庄正定
90%
哈尔滨太平
90%
沈阳桃仙
89%
青岛胶东
89%
西安咸阳
89%
乌鲁木齐天山
89%
厦门高崎
88%
济南遥墙
88%
武汉天河
88%
重庆江北
88%
大连周水子
87%
长沙黄花
87%
昆明长水
84%
呼和浩特白塔
83%
南宁吴圩
83%
太原武宿
82%
福州长乐
82%
郑州新郑
82%
宁波栎社
80%
合肥新桥
80%
兰州中川
80%
无锡硕放
79%
海口美兰
79%
贵阳龙洞堡
79%
南昌昌北
78%
西宁曹家堡
77%
三亚凤凰
76%
常州奔牛
73%
银川河东
73%
徐州观音
72%
温州龙湾
72%
泉州晋江
71%
扬州泰州
63%
烟台蓬莱
63%
桂林两江
62%
南通兴东
61%
盐城南洋
57%
威海大水泊
57%
西双版纳嘎洒
54%
揭阳潮汕
52%
丽江三义
51%
宜昌三峡
48%
延吉朝阳川
46%
张家界荷花
45%
淮安涟水
39%
鄂尔多斯伊金霍洛
38%
黄山屯溪
38%
运城盐湖
35%
牡丹江海浪
33%
临沂启阳
33%
敦煌莫高
29%
恩施许家坪
23%
二连浩特赛乌素
21%
No matching quizzes found
Score Distribution
Percent of People with Each Score
Percentile by Number Answered
Your Score History
You have not taken this quiz